| 000 | 01357nam0a22003731 4500 | ||
|---|---|---|---|
| 001 | v19\rc\1743416 | ||
| 005 | 20250619084605.0 | ||
| 035 | _a(NLR Aleph) 004894013 | ||
| 090 |
_a5301914 _c5301914 |
||
| 100 | _a20061204d1902 |||y0rusy50 ca | ||
| 101 | 1 |
_arus _cfre |
|
| 102 | _aRU | ||
| 105 | _ay z ||||| | ||
| 200 | 1 |
_aОпыт военной психологии, индивидуальной и общей _eПер. с фр. _fД-р М. Кампеано (б. воен. врач) _gС предисл. г. Т. Рибо и письмом ген. Канонжа |
|
| 210 |
_aСанкт-Петербург _cВ. Березовский _d1902 |
||
| 215 |
_aX, 147 с. _d21 |
||
| 311 | _aБеспл. прил. к журн. "Разведчик" за 1902 г. | ||
| 422 | 0 |
_12001#$aРазведчик$v1902 _tРазведчик |
|
| 700 | 1 |
_aКампеано _bМ. |
|
| 702 | 1 |
_aРибо _bТ.А. _f1839-1916 _gТеодюль Арман _4080 |
|
| 801 | 0 |
_aRU _bNLR _gpsbo |
|
| 801 | 0 |
_aRU _bRuMoRGB _2psbo |
|
| 801 | 1 |
_aRU _bProSoft-M _2rusmarc |
|
| 852 |
_aNLR _j34.3.3.195 |
||
| 852 |
_aNLR _jПс02/Б-5/4 |
||
| 899 |
_aRuMoRGB _jG 71/249 |
||
| 899 |
_aRuMoRGB _jU 37/748 |
||
| 899 |
_aRuMoRGB _jΔ 466/134 |
||
| 899 |
_aRuMoRGB _jΔ 59/61 |
||
| 899 |
_aRuMoRGB _jΔ 134/131 |
||
| 899 | _aНБ СПбГУ | ||
| 899 | _aГПИБ | ||
| 942 | _cBOOK | ||
| 980 | _aNB | ||